[Event "Titled Tuesday intern op 12th Sep Early"]
[Site "Chess.com INT"]
[Date "2023.09.12"]
[Round "4"]
[White "Fazulyanov, Sergey"]
[Black "Lana Rodriguez, David"]
[Result "1-0"]
[WhiteElo "2350"]
[BlackElo "2382"]
[PlyCount "31"]
[EventDate "2023.09.12"]
[EventType "swiss (blitz)"]
[EventRounds "11"]
[EventCountry "USA"]
[SourceTitle "EXT 2024"]
[Source "ChessBase"]
[SourceDate "2023.10.10"]
[SourceVersion "1"]
[SourceVersionDate "2023.10.10"]
[SourceQuality "1"]

1. e4 c5 2. Nf3 Nc6 3. d4 cxd4 4. Nxd4 e5 5. Nb5 a6 6. N5c3 Nf6 7. Bg5 Bc5 8. Bc4 Qb6 9. Bxf6 gxf6 10. 0-0 Qxb2 11. Qd5 Be7 12. Qxf7+ Kd8 13. Nd5 Qxa1 14. Nxe7 Nxe7 15. Qxf6 Re8 16. Qb6# 1-0

[Event "Titled Tuesday intern op 15th Aug Early"]
[Site "Chess.com INT"]
[Date "2023.08.15"]
[Round "4"]
[White "Keymer, Vincent"]
[Black "Lana Rodriguez, David"]
[Result "1-0"]
[WhiteElo "2701"]
[BlackElo "2382"]
[PlyCount "97"]
[EventDate "2023.08.15"]
[EventType "swiss (blitz)"]
[EventRounds "11"]
[EventCountry "USA"]
[SourceTitle "EXT 2024"]
[Source "ChessBase"]
[SourceDate "2023.10.10"]
[SourceVersion "1"]
[SourceVersionDate "2023.10.10"]
[SourceQuality "1"]

1. a3 Nf6 2. Nf3 e6 3. c4 d5 4. e3 b6 5. b4 Bb7 6. Bb2 Nbd7 7. cxd5 exd5 8. Be2 Bd6 9. b5 0-0 10. 0-0 a6 11. a4 axb5 12. axb5 Rxa1 13. Bxa1 Qe7 14. Nc3 Ne5 15. Nd4 Qd7 16. f4 Ng6 17. Bd3 Re8 18. Qc2 Bc5 19. Nce2 Ne4 20. Bb2 Nh4 21. Ng3 Qg4 22. Bxe4 dxe4 23. Nb3 Bd6 24. Be5 Qd7 25. Bxd6 cxd6 26. Nd4 d5 27. Qb2 Rc8 28. Ra1 g6 29. h3 Qc7 30. Nge2 Qd7 31. Ra7 Ra8 32. Rxa8+ Bxa8 33. Qa1 Bb7 34. Qa7 Qc7 35. Kf2 Kg7 36. Kg3 Nf5+ 37. Nxf5+ gxf5 38. Nd4 Kg6 39. Kh2 Kf6 40. Qa1 Kg6 41. Qe1 h6 42. Qg3+ Kf6 43. Qg8 Bc8 44. Qh7 Qc1 45. Qxh6+ Ke7 46. Qxb6 Qxd2 47. Qc7+ Bd7 48. Nxf5+ Ke8 49. Qb8+ 1-0

[Event "Titled Tuesday intern op 15th Aug Early"]
[Site "Chess.com INT"]
[Date "2023.08.15"]
[Round "2"]
[White "Lana Rodriguez, David"]
[Black "Li, Hui"]
[Result "1-0"]
[WhiteElo "2382"]
[BlackElo "1988"]
[PlyCount "115"]
[EventDate "2023.08.15"]
[EventType "swiss (blitz)"]
[EventRounds "11"]
[EventCountry "USA"]
[SourceTitle "EXT 2024"]
[Source "ChessBase"]
[SourceDate "2023.10.10"]
[SourceVersion "1"]
[SourceVersionDate "2023.10.10"]
[SourceQuality "1"]

1. e4 e5 2. Nf3 Nf6 3. Nxe5 d6 4. Nc4 Nxe4 5. d4 d5 6. Ne3 Be7 7. Bd3 0-0 8. 0-0 c6 9. c4 Be6 10. Nc3 Nxc3 11. bxc3 dxc4 12. Bxc4 Bxc4 13. Nxc4 Nd7 14. Rb1 Nb6 15. Ne5 Qc7 16. Bf4 Nd5 17. Qc1 Bd6 18. Bg3 Rfe8 19. c4 Nf6 20. Qb2 b6 21. Qb3 Ne4 22. Qe3 Nxg3 23. Qxg3 Bxe5 24. dxe5 Qxe5 25. Qf3 Qe4 26. Qb3 Rad8 27. g3 h6 28. Qb4 c5 29. Qa4 Qb7 30. Rbd1 Qe7 31. Rd5 Rxd5 32. cxd5 Rd8 33. Rd1 Qd6 34. Qxa7 b5 35. Qb7 b4 36. Qb5 g6 37. Qc4 h5 38. h4 Rd7 39. Rd3 Rd8 40. Kg2 Rd7 41. Qe4 Rd8 42. Kh2 Rd7 43. Qc4 Rd8 44. Qb5 Rd7 45. Qa5 c4 46. Rd4 c3 47. Qa8+ Rd8 48. Qa4 Qc5 49. Rd1 Qxf2+ 50. Kh3 Qf5+ 51. Kh2 Qf2+ 52. Kh3 Qf5+ 53. Kg2 Rxd5 54. Qa8+ Kh7 55. Qxd5 Qc2+ 56. Kh3 Qb2 57. Qxf7+ Kh6 58. Qf8+ 1-0

[Event "Titled Tuesday intern op 18th Jul Early"]
[Site "Chess.com INT"]
[Date "2023.07.18"]
[Round "1"]
[White "Akhayan, Ruben"]
[Black "Lana Rodriguez, David"]
[Result "0-1"]
[WhiteElo "2249"]
[BlackElo "2382"]
[PlyCount "90"]
[EventDate "2023.07.18"]
[EventType "swiss (blitz)"]
[EventRounds "11"]
[EventCountry "USA"]
[SourceTitle "EXT 2024"]
[Source "ChessBase"]
[SourceDate "2023.10.10"]
[SourceVersion "1"]
[SourceVersionDate "2023.10.10"]
[SourceQuality "1"]

1. d4 Nf6 2. Nf3 e6 3. Bg5 d5 4. e3 c5 5. c3 Nc6 6. Nbd2 Bd6 7. Bd3 h6 8. Bh4 Qc7 9. Bxf6 gxf6 10. dxc5 Bxc5 11. e4 dxe4 12. Nxe4 Be7 13. Qe2 b6 14. 0-0-0 Bb7 15. Kb1 0-0-0 16. Ba6 Rhg8 17. Rxd8+ Rxd8 18. Bxb7+ Kxb7 19. Rd1 f5 20. Ng3 Bf6 21. Rxd8 Qxd8 22. Qd2 Qxd2 23. Nxd2 Ne5 24. f3 Nd3 25. Nh5 Bg5 26. Nc4 Ne1 27. Nd6+ Kc6 28. Nxf7 Nxg2 29. Nxg5 hxg5 30. Kc2 Ne1+ 31. Kd2 Nxf3+ 32. Ke3 Nxh2 33. Ng7 Kd5 34. c4+ Ke5 35. b4 Ng4+ 36. Kd3 Nf2+ 37. Ke3 Ng4+ 38. Kd3 f4 39. c5 bxc5 40. bxc5 Nf2+ 41. Kc4 Ne4 42. c6 f3 43. c7 f2 44. c8Q Nd6+ 45. Kc5 Nxc8 0-1

[Event "Titled Tuesday intern op 18th Jul Early"]
[Site "Chess.com INT"]
[Date "2023.07.18"]
[Round "4"]
[White "Shapiro, Daniel E"]
[Black "Lana Rodriguez, David"]
[Result "1-0"]
[WhiteElo "2284"]
[BlackElo "2382"]
[PlyCount "105"]
[EventDate "2023.07.18"]
[EventType "swiss (blitz)"]
[EventRounds "11"]
[EventCountry "USA"]
[SourceTitle "EXT 2024"]
[Source "ChessBase"]
[SourceDate "2023.10.10"]
[SourceVersion "1"]
[SourceVersionDate "2023.10.10"]
[SourceQuality "1"]

1. d4 Nf6 2. c4 e6 3. g3 d5 4. Nf3 Be7 5. Bg2 dxc4 6. 0-0 Bd7 7. Ne5 Bc6 8. Nxc6 Nxc6 9. e3 0-0 10. Qe2 Na5 11. Nd2 c6 12. Nxc4 Nxc4 13. Qxc4 Qb6 14. b3 Rfd8 15. Bb2 Qb4 16. Rac1 Qxc4 17. Rxc4 Nd5 18. Rd1 Rac8 19. e4 Nb4 20. a3 Na6 21. Rc2 Nc7 22. Bf1 Ne8 23. Rdc1 Nd6 24. f3 Nb5 25. Bxb5 Bg5 26. f4 Bf6 27. e5 Be7 28. Be2 Rd7 29. b4 Rcd8 30. Bf3 g6 31. g4 h6 32. f5 Bg5 33. Re1 gxf5 34. gxf5 exf5 35. Rg2 Kf8 36. Rf2 Bh4 37. Bh5 Bxf2+ 38. Kxf2 Ke7 39. Rg1 b6 40. Rg7 Rf8 41. Rh7 c5 42. bxc5 bxc5 43. Ke3 cxd4+ 44. Bxd4 f4+ 45. Ke4 f3 46. Bc5+ Ke8 47. Bxf8 f2 48. Be2 Rd2 49. Ke3 Ra2 50. Rh8 f1Q 51. Bxf1 Rxh2 52. Bb5+ Kd8 53. Bd6# 1-0

[Event "Titled Tuesday intern op 18th Jul Early"]
[Site "Chess.com INT"]
[Date "2023.07.18"]
[Round "6"]
[White "Tarasova, Viktoriya"]
[Black "Lana Rodriguez, David"]
[Result "0-1"]
[WhiteElo "2226"]
[BlackElo "2382"]
[PlyCount "52"]
[EventDate "2023.07.18"]
[EventType "swiss (blitz)"]
[EventRounds "11"]
[EventCountry "USA"]
[SourceTitle "EXT 2024"]
[Source "ChessBase"]
[SourceDate "2023.10.10"]
[SourceVersion "1"]
[SourceVersionDate "2023.10.10"]
[SourceQuality "1"]

1. d4 Nf6 2. c4 e5 3. dxe5 Ng4 4. e3 Nxe5 5. f4 Ng6 6. Bd3 d5 7. cxd5 Qxd5 8. Nf3 Nc6 9. 0-0 Qc5 10. Ng5 h6 11. Ne4 Qb6 12. Nbc3 Be6 13. f5 0-0-0 14. fxe6 Nce5 15. Nf2 Nxd3 16. Nxd3 Ne5 17. Qh5 Nxd3 18. Qxf7 Nxc1 19. Rb1 Nd3 20. e7 Qxe3+ 21. Kh1 Qxe7 22. Qf5+ Qd7 23. Qf3 Bc5 24. Rbd1 Rhf8 25. Qe2 Rxf1+ 26. Qxf1 Nf2+ 0-1

[Event "Titled Tuesday intern op 11th Jul Early"]
[Site "Chess.com INT"]
[Date "2023.07.11"]
[Round "1"]
[White "Lana Rodriguez, David"]
[Black "Vifleemskaia, Svetlana"]
[Result "1-0"]
[WhiteElo "2382"]
[BlackElo "1971"]
[PlyCount "61"]
[EventDate "2023.07.11"]
[EventType "swiss (blitz)"]
[EventRounds "11"]
[EventCountry "USA"]
[SourceTitle "EXT 2024"]
[Source "ChessBase"]
[SourceDate "2023.10.10"]
[SourceVersion "1"]
[SourceVersionDate "2023.10.10"]
[SourceQuality "1"]

1. e4 e5 2. Nf3 Nc6 3. Bb5 a6 4. Bxc6 dxc6 5. 0-0 Ne7 6. Nxe5 Qd4 7. Qh5 g6 8. Qg5 Bg7 9. Nf3 Qxe4 10. Re1 Qb4 11. b3 h6 12. Qe3 Be6 13. Ba3 Qa5 14. c3 Nd5 15. Qe2 0-0-0 16. Nd4 Bxd4 17. cxd4 Nf4 18. Qf3 Qf5 19. Re5 Qf6 20. Nc3 Nh3+ 21. Kf1 Qxf3 22. gxf3 Rxd4 23. Ne4 Rhd8 24. Bb2 R4d5 25. d4 Rxe5 26. dxe5 Bf5 27. Bc3 b6 28. Re1 Rd3 29. Re3 Rd1+ 30. Ke2 Ra1 31. Bxa1 1-0

[Event "Titled Tuesday intern op 04th Jul Early"]
[Site "Chess.com INT"]
[Date "2023.07.04"]
[Round "11"]
[White "Lana Rodriguez, David"]
[Black "Streltsov, Alexey"]
[Result "0-1"]
[WhiteElo "2382"]
[BlackElo "2343"]
[PlyCount "106"]
[EventDate "2023.07.04"]
[EventType "swiss (blitz)"]
[EventRounds "11"]
[EventCountry "USA"]
[SourceTitle "EXT 2024"]
[Source "ChessBase"]
[SourceDate "2023.10.10"]
[SourceVersion "1"]
[SourceVersionDate "2023.10.10"]
[SourceQuality "1"]

1. e4 c6 2. Nf3 d5 3. exd5 cxd5 4. d4 Nf6 5. c3 Bg4 6. Nbd2 e6 7. Bb5+ Nbd7 8. Qa4 a6 9. Bd3 Bd6 10. Ne5 0-0 11. Nxd7 Qxd7 12. Qxd7 Nxd7 13. 0-0 e5 14. dxe5 Nxe5 15. Bc2 Rac8 16. Nb3 Rfe8 17. h3 Be2 18. Re1 Bd3 19. Bxd3 Nxd3 20. Rd1 Re1+ 21. Rxe1 Nxe1 22. Bf4 Nf3+ 23. gxf3 Bxf4 24. Rd1 Rd8 25. c4 d4 26. Rxd4 Rxd4 27. Nxd4 Be5 28. Nb3 b6 29. c5 bxc5 30. Nxc5 Bxb2 31. Nxa6 g5 32. Kf1 Kg7 33. Ke2 Kg6 34. Kd3 Kh5 35. Nb4 Be5 36. Nc6 Bc7 37. a4 Kh4 38. a5 Kxh3 39. a6 Bb6 40. a7 Bxa7 41. Nxa7 Kg2 42. Ke2 h5 43. Nc6 h4 44. Ne5 f5 45. f4 h3 46. Nf3 g4 47. Ne1+ Kg1 48. f3 g3 49. Nc2 h2 50. Nd4 h1Q 51. Nxf5 Qg2+ 52. Ke3 Qf2+ 53. Ke4 g2 0-1

[Event "Titled Tuesday intern op 06th July"]
[Site "Chess.com INT"]
[Date "2021.07.06"]
[Round "3"]
[White "Lana Rodriguez, David"]
[Black "Svane, Rasmus"]
[Result "1-0"]
[WhiteElo "2394"]
[BlackElo "2615"]
[PlyCount "57"]
[EventDate "2021.07.06"]
[EventType "swiss (blitz)"]
[EventRounds "11"]
[EventCountry "USA"]
[SourceTitle "EXT 2022"]
[Source "ChessBase"]
[SourceDate "2021.10.06"]
[SourceVersion "1"]
[SourceVersionDate "2021.10.06"]
[SourceQuality "1"]

1. e4 c6 2. d4 d5 3. exd5 cxd5 4. c3 Nc6 5. Nf3 Bg4 6. Bb5 Qc7 7. h3 Bh5 8. Nbd2 e6 9. Qa4 Bd6 10. 0-0 Nge7 11. Re1 0-0 12. Be2 Rae8 13. Qd1 f6 14. Nf1 e5 15. dxe5 fxe5 16. Ne3 e4 17. Ng5 Bxe2 18. Rxe2 Bh2+ 19. Kh1 Qd6 20. c4 d4 21. Ng4 Bf4 22. Nxe4 Qg6 23. Bxf4 Rxf4 24. Nc5 Rb8 25. Qd3 h5 26. Qg3 Rbf8 27. Ne6 hxg4 28. Nxf4 Qh5 29. Nxh5 1-0

[Event "Titled Tuesday intern op 29th June"]
[Site "Chess.com INT"]
[Date "2021.06.29"]
[Round "8"]
[White "Lana Rodriguez, David"]
[Black "Galego, Luis"]
[Result "1-0"]
[WhiteElo "2361"]
[BlackElo "2483"]
[PlyCount "71"]
[EventDate "2021.06.29"]
[EventType "swiss (blitz)"]
[EventRounds "11"]
[EventCountry "USA"]
[SourceTitle "CBM 203 Extra"]
[Source "ChessBase"]
[SourceDate "2021.09.30"]
[SourceVersion "1"]
[SourceVersionDate "2021.09.30"]
[SourceQuality "1"]

1. e4 c5 2. Nf3 b6 3. d4 cxd4 4. Nxd4 Bb7 5. Nc3 Nc6 6. Be3 e6 7. Ndb5 d6 8. Bf4 e5 9. Nd5 Rc8 10. Be3 Nf6 11. Be2 Nxe4 12. Bg4 Be7 13. Bxc8 Qxc8 14. 0-0 0-0 15. f3 Nf6 16. Nxd6 Qb8 17. Nxb7 Qxb7 18. Nxf6+ Bxf6 19. c3 e4 20. Qd5 exf3 21. Qxf3 Qc8 22. Rae1 Ne5 23. Qg3 Ng6 24. Rd1 Re8 25. Bd4 Bh4 26. Qf3 Qc4 27. b3 Qe6 28. g3 Bg5 29. Rde1 Qd7 30. Rxe8+ Qxe8 31. h4 Bh6 32. Rf2 Nf8 33. Re2 Qb8 34. Re7 f6 35. Qd5+ Kh8 36. Kh2 1-0

[Event "Titled Tuesday intern op 29th June"]
[Site "Chess.com INT"]
[Date "2021.06.29"]
[Round "3"]
[White "Veiga, Emerson de Sousa"]
[Black "Lana Rodriguez, David"]
[Result "0-1"]
[WhiteElo "2072"]
[BlackElo "2361"]
[PlyCount "46"]
[EventDate "2021.06.29"]
[EventType "swiss (blitz)"]
[EventRounds "11"]
[EventCountry "USA"]
[SourceTitle "CBM 203 Extra"]
[Source "ChessBase"]
[SourceDate "2021.09.30"]
[SourceVersion "1"]
[SourceVersionDate "2021.09.30"]
[SourceQuality "1"]

1. e4 e6 2. d4 d5 3. Nc3 Bb4 4. Nge2 dxe4 5. a3 Bxc3+ 6. Nxc3 Nc6 7. Bb5 Nge7 8. Nxe4 0-0 9. Be3 f5 10. Ng5 f4 11. Bd2 Qxd4 12. Bd3 Qe5+ 13. Ne4 Nd5 14. Qe2 f3 15. gxf3 Nd4 16. Qf1 Nxf3+ 17. Kd1 Qxb2 18. Rc1 e5 19. Qg2 Nxd2 20. Kxd2 Bf5 21. Rhg1 g6 22. Rce1 Rad8 23. h4 Nf4 0-1

[Event "Aragon-chT Honor Gr II"]
[Site "Aragon"]
[Date "2021.05.01"]
[Round "6.1"]
[White "Lana Rodriguez, David"]
[Black "Adla, Diego Gustavo"]
[Result "1/2-1/2"]
[WhiteElo "2361"]
[BlackElo "2425"]
[PlyCount "96"]
[EventDate "2021.03.13"]
[EventType "team-tourn"]
[EventRounds "7"]
[EventCountry "ESP"]
[SourceTitle "EXT 2024"]
[Source "ChessBase"]
[SourceDate "2023.10.10"]
[SourceVersion "1"]
[SourceVersionDate "2023.10.10"]
[SourceQuality "1"]
[WhiteTeam "Agrupacion"]
[BlackTeam "Casablanca MyInvestor"]
[WhiteTeamCountry "ESP"]
[BlackTeamCountry "ESP"]

1. d4 Nf6 2. c4 e6 3. Nf3 Bb4+ 4. Bd2 Qe7 5. g3 Nc6 6. Bg2 Bxd2+ 7. Qxd2 Ne4 8. Qc2 Qb4+ 9. Nc3 Nxc3 10. Qxc3 Qxc3+ 11. bxc3 d6 12. Nd2 Na5 13. Rb1 Rb8 14. f4 b6 15. Kf2 Ke7 16. Rhc1 Ba6 17. Rb4 Bb7 18. Ra4 Bxg2 19. Kxg2 Rhc8 20. Kf3 Ra8 21. e4 c5 22. d5 Rc7 23. Rb1 Re8 24. g4 g6 25. e5 Rd8 26. Ne4 dxe5 27. d6+ Rxd6 28. Nxd6 Kxd6 29. Rd1+ Ke7 30. fxe5 g5 31. h4 gxh4 32. Rh1 Rd7 33. Ke3 Nc6 34. Ke4 Rd2 35. Rxh4 Re2+ 36. Kf4 Rf2+ 37. Ke3 Rg2 38. Kf3 Rc2 39. Kf4 Rf2+ 40. Kg3 Re2 41. Rh5 Kf8 42. Rxh7 Rxe5 43. Rh8+ Ke7 44. Rc8 Kd7 45. Rf8 Ke7 46. Rc8 Kd7 47. Rf8 Ke7 48. Rc8 Kd7 1/2-1/2

[Event "Aragon-chT Honor Gr II"]
[Site "Aragon"]
[Date "2021.03.20"]
[Round "2.13"]
[White "Lana Rodriguez, David"]
[Black "Garza Marco, Sergio"]
[Result "1-0"]
[WhiteElo "2361"]
[BlackElo "2399"]
[PlyCount "139"]
[EventDate "2021.03.13"]
[EventType "team-tourn"]
[EventRounds "7"]
[EventCountry "ESP"]
[SourceTitle "EXT 2024"]
[Source "ChessBase"]
[SourceDate "2023.10.10"]
[SourceVersion "1"]
[SourceVersionDate "2023.10.10"]
[SourceQuality "1"]
[WhiteTeam "Agrupacion"]
[BlackTeam "Helios"]
[WhiteTeamCountry "ESP"]
[BlackTeamCountry "ESP"]

1. e4 c5 2. Nf3 e6 3. c3 d5 4. exd5 Qxd5 5. d4 Nf6 6. Na3 Nc6 7. Bc4 Qd8 8. Nc2 cxd4 9. Ncxd4 Nxd4 10. Nxd4 a6 11. a4 Qc7 12. Qe2 Be7 13. 0-0 0-0 14. Bg5 e5 15. Bxf6 Bxf6 16. Nc2 Bd7 17. Nb4 Rac8 18. Bd5 Be7 19. Nd3 Bd6 20. Rfe1 Rce8 21. Nb4 e4 22. Bxe4 Bxh2+ 23. Kf1 Be6 24. Qf3 Rd8 25. Rad1 Bd6 26. Nd5 Qc4+ 27. Qd3 Qxd3+ 28. Rxd3 b5 29. axb5 axb5 30. Red1 f5 31. Ne3 fxe4 32. Rxd6 Rxd6 33. Rxd6 Kf7 34. Rd4 Ra8 35. Rxe4 Bd7 36. Ke2 Bc6 37. Rf4+ Ke7 38. Nf5+ Kd7 39. Nd4 Re8+ 40. Kf1 Re7 41. f3 Kc7 42. Kf2 Bd7 43. Rh4 h6 44. Rh5 Kb6 45. Rd5 Be8 46. Rd6+ Kc5 47. Re6 Rxe6 48. Nxe6+ Kc4 49. Nxg7 Bd7 50. Ke3 Kb3 51. Nh5 Kxb2 52. Kd2 Kb3 53. Nf6 Bc6 54. Kd3 Kb2 55. Ng4 h5 56. Ne5 Bb7 57. g3 Bc8 58. Nc6 Kc1 59. Nd4 Ba6 60. Ke3 Kb2 61. Kd2 Ka3 62. f4 Ka4 63. Nc6 Bc8 64. Kd3 Bd7 65. Nb4 Kb3 66. Kd4 Be6 67. Na6 Bf7 68. Nc5+ Kc2 69. Ne4 Be6 70. Nd6 1-0

[Event "Titled Tuesday intern op 02nd Mar"]
[Site "Chess.com INT"]
[Date "2021.03.02"]
[Round "3"]
[White "Iturrizaga Bonelli, Eduardo"]
[Black "Lana Rodriguez, David"]
[Result "1-0"]
[WhiteElo "2607"]
[BlackElo "2361"]
[PlyCount "93"]
[EventDate "2021.03.02"]
[EventType "swiss (blitz)"]
[EventRounds "11"]
[EventCountry "USA"]
[SourceTitle "CBM 201 Extra"]
[Source "ChessBase"]
[SourceDate "2021.05.31"]
[SourceVersion "1"]
[SourceVersionDate "2021.05.31"]
[SourceQuality "1"]

1. c4 e5 2. g3 Nc6 3. Bg2 Nf6 4. Nc3 Bc5 5. e3 d6 6. Nge2 0-0 7. 0-0 Bb6 8. d3 Be6 9. Nd5 Bxd5 10. cxd5 Ne7 11. Nc3 c6 12. dxc6 bxc6 13. Bd2 Qd7 14. Rc1 Rac8 15. Na4 Rfd8 16. b4 Qf5 17. Qb3 Qe6 18. Qb2 Rc7 19. Rc2 Rdc8 20. Rfc1 Qf5 21. Qb3 Ng4 22. Rf1 Nf6 23. h3 Qe6 24. Qa3 e4 25. d4 Nfd5 26. Rfc1 h5 27. h4 Nf6 28. Nc3 Ned5 29. Ne2 Ng4 30. Qa4 Qd7 31. Bxe4 Ndf6 32. Bg2 Qf5 33. Nf4 g5 34. hxg5 Qxg5 35. Rxc6 h4 36. Rxc7 Rxc7 37. Rxc7 Bxc7 38. Qxa7 Bd8 39. Qb8 Ne8 40. gxh4 Qxh4 41. Nh3 Kg7 42. a4 d5 43. Qg3 Qh5 44. f3 f5 45. fxg4 fxg4 46. Nf4 Qg5 47. Ne6+ 1-0

[Event "Titled Tuesday intern op 02nd Mar"]
[Site "Chess.com INT"]
[Date "2021.03.02"]
[Round "4"]
[White "Lana Rodriguez, David"]
[Black "Kesgin, Halit Kaan"]
[Result "1-0"]
[WhiteElo "2361"]
[BlackElo "2110"]
[PlyCount "51"]
[EventDate "2021.03.02"]
[EventType "swiss (blitz)"]
[EventRounds "11"]
[EventCountry "USA"]
[SourceTitle "CBM 201 Extra"]
[Source "ChessBase"]
[SourceDate "2021.05.31"]
[SourceVersion "1"]
[SourceVersionDate "2021.05.31"]
[SourceQuality "1"]

1. e4 e6 2. d4 d5 3. Bd3 Nf6 4. e5 Nfd7 5. f4 c5 6. c3 Nc6 7. Nf3 Be7 8. 0-0 a6 9. Be3 b5 10. a3 Qb6 11. Nbd2 Bb7 12. Qe1 0-0-0 13. Ng5 Bxg5 14. fxg5 Ndxe5 15. dxe5 Nxe5 16. Be2 d4 17. cxd4 cxd4 18. Rc1+ Nc6 19. Bf2 e5 20. Bd3 Rhe8 21. Bg3 Re7 22. Ne4 Kb8 23. Nc5 Ba8 24. a4 Rd5 25. b4 Nxb4 26. Qxb4 1-0